| 000 | 00346nam a2200109Ia 4500 | ||
|---|---|---|---|
| 008 | 200302s9999 xx 000 0 und d | ||
| 100 | _aHazel Conway and other | ||
| 245 | _aUnderstanding architecture an introduction to architecture and architectural history 2nd ed. | ||
| 260 | _bRoutledge Taylor and Francis Group | ||
| 260 | _c2005 | ||
| 300 | _a285 | ||
| 999 |
_c6783 _d6783 |
||